Hải Triều nghệ thuật vị nhân sinh

Gorde:
Xehetasun bibliografikoak
Egile nagusia: Vu Gia
Formatua: Liburua
Hizkuntza:Vietnamese
Argitaratua: Văn hoá thông tin 1998
Etiketak: Etiketa erantsi
Etiketarik gabe, Izan zaitez lehena erregistro honi etiketa jartzen!
Thư viện lưu trữ: Mạng thư viện Đại học Đà Nẵng
LEADER 00621nam a2200253 4500
001 000022632
003 19081
005 20150512100529.0
008 150512s1998 viesd
020 |c 32000 
041 0 |a vie 
082 1 4 |a 928,9592  |b VU-G 
100 1 |a Vu Gia 
245 1 0 |a Hải Triều nghệ thuật vị nhân sinh  |c Vu Gia 
260 |b Văn hoá thông tin  |c 1998 
300 |a tr.  |c cm. 
OWN |a LSP 
999 |a From the UDN01 
TYP |a Monograph 
TYP |a Printed language 
980 |a Mạng thư viện Đại học Đà Nẵng